000 00772nam a2200205 4500
999 _c191296
_d191296
005 20220824114431.0
010 _aENG-134589
020 _c695.00
_a9781108416191
035 _aEN-118121
037 _bDBAD/PUB
082 _a338.954
100 _aBarbosa, Alexandre de freitas
245 _aGrowth and Inequality:
_bThe ContrastingTrajectories of India and Brazil/
_cAlexandre de freitas barbosa,maria cristina cacciamali and gerry rodgers
260 _aUnited Kingdom
_bCambridge University Press
_c2017
270 _auniversity printing house, cambridge CB 2 8 BS,
_bCambridge
300 _axxvi, 349p.
_bindex bibliography
_c22cm(hb)
700 _aCacciamali maria cristina
700 _aRodgers Gerry
942 _2ddc
_cEN
_h338.954
_mBAR